Państwa z literą B w każdej pozycji - Statystyki

Ogólne statystyki
  • Ten quiz został rozwiązany 53 razy
  • Średni wynik to 6 z 10
Statystyki odpowiedzi
Pozycja litery B Państwo % Poprawnych
1 Bahamy/Bahrajn/Bangladesz/Barbados/Belgia/Belize/Benin/Białoruś/Bhutan/Boliwia/Bośnia i Hercegowina/Botswana/Brazylia/Brunei/Bułgaria/Burkina Faso/Burundi
100%
4 Arabia Saudyjska/Azerbejdżan/Barbados/Dżibuti/Gambia/Kambodża/Serbia/Zambia/Zimbabwe
91%
3 Albania/Gabon/Kuba/Liban/Liberia/Libia/Wybrzeże Kości Słoniowej/Uzbekistan
84%
5 Kiribati/Namibia/Republika Południowej Afryki/Republika Środkowoafrykańska/Republika Zielonego Przylądka
82%
7 Gwinea Bissau/Luksemburg/Wielka Brytania
66%
12 Antigua i Barbuda/Trynidad i Tobago
52%
18 Demokratyczna Republika Konga
45%
6 Kolumbia/Mozambik
45%
22 Zjednoczone Emiraty Arabskie
45%
9 Antigua i Barbuda
32%
Nie znaleziono quizów pasujących do podanych kryteriów
Rozkład punktacji
Procent ludzi z każdym wynikiem
Percentyl według liczby udzielonych odpowiedzi
Twoja historia wyników
Nie rozwiązałeś tego quizu